| 000 | 00778cam a2200265 a 4500 | ||
|---|---|---|---|
| 001 | 000007898 | ||
| 005 | 20200929154336.0 | ||
| 008 | 930920s1993 sp 001 f spa d | ||
| 020 | _a8472231356 (pbk.) | ||
| 035 | _a(DLC) 90135049 | ||
| 035 | _a(OCoLC)21179822 | ||
| 040 |
_aDO-SdBNP _cFMU _dDLC |
||
| 042 | _alccopycat | ||
| 082 |
_a863.64 _bL255j |
||
| 100 | 1 |
_aLandero, Luis, _d1948- _921680 |
|
| 245 | 1 | 0 |
_aJuegos de la edad tardía / _cLuis Landero. |
| 250 | _a16a ed. | ||
| 260 |
_aBarcelona : _bTusquets, _c1993. |
||
| 300 |
_a369 p. ; _c23 cm. |
||
| 490 | 1 |
_aColección Andanzas _v102 |
|
| 650 | 4 |
_aNovela española _91123 |
|
| 650 | 4 |
_aLiteratura española _ySIGLO XX _93326 |
|
| 830 | 0 |
_aColección Andanzas ; _v102 _921681 |
|
| 910 | _aCatalogación por copia/LC | ||
| 999 |
_c7676 _d7676 |
||